1263 1437 1627 1727 1326 1174 1525 1428 1863 1763 1061 1093 1026 1577 1954 1803 1218 1054 1011 1693 1558 1920 1461 1576 1790 1631 1675 1703 1790 1515 1784 1961 1557 1849 1797 1906 1408 1436 1171 1193 1351 1814 1548 1727 1796 1081 1559 1582 1057 1684 1972 1207 1413 1249 1656 1546 1266 1032 1876 1152 1001 1251 1276 1676 1263 1187 1948 1616 1038 1946 1307 1702 1850 1387 1494 1396 1774 1055 1481 1383 1090 1980 1967 1399 1460 1700 1836 1339 1137 1410 1266 1127 1454 1088 1914 1680 1043 1042 1254 BCNSPRNW ULIB Ver.6.0+V

เปลี่ยนเป็นภาษาไทย

Change to English
 แสดงรายละเอียดบรรณานุกรม
  กลับหน้าหลัก

Brief Record : Get Marc (ISO 2709) : E-mail record : QR code < ปิดหน้าต่าง
LEADER : 00000nam 2200000uu 4500
001    13399122555
003     ULIB
008    020711s2549 th a 000 0 tha d
099    วจ.WY18.2^bว113ค
100    วงเดือน สุวรรณคีรี
245    คุณภาพการจัดการศึกษาหลักสูตรพยาบาลศาสตร์บัณฑิต โครงการร่วมผลิตบัณฑิตสาขาพยาบาลศาสตร์ ระหว่างมหาวิทยาลัยนเรศวร กับกระทรวงสาธารณสุข/^cวงเดือน สุวรรณคีรี และคณะ
260    พิษณุโลก :^bมหาวิทยาลัยนเรศวร,^c2549
300    130 หน้า
650    วิชาชีพพยาบาล^xวิจัย
700    อารีรัตน์ พันธุ์เขียน
700    ดวงพร ศรีจันทวงศ์
700    ชุติมา ชลประทิน
700    วิมล อ่อนเส็ง
700    ภัทรมนัส มณีจิระปราการ
945    ^p0^l0^i20002
945    ^p0^l0^i20003
945    ^p0^l0^i20014
945    ^p0^l0^i20015
945    ^p0^l0^i20016
945    ^p0^l0^i20017
รายการนี้ยังไม่มีแท็ก
คุณยังไม่ได้ล็อกอิน คุณสามารถมีกิจกรรมร่วมกับเว็บไซต์ได้ แต่ต้องล็อกอินก่อน ::
  ล็อกอิน

รายการสื่อสารสนเทศ

ลำดับที่ ประเภท เลขเรียก/บาร์โค้ด สถานที่ สถานะ
1. งานวิจัย
งานวิจัย
วจ.WY18.2 ว113ค ฉ.1 
  Barcode: 20002
ห้องสมุดวิทยาเขตสวรรค์ประชารักษ์
►วิจัย
บนชั้น
2. งานวิจัย
งานวิจัย
วจ.WY18.2 ว113ค ฉ.2 
  Barcode: 20003
ห้องสมุดวิทยาเขตสวรรค์ประชารักษ์
►วิจัย
บนชั้น
3. งานวิจัย
งานวิจัย
วจ.WY18.2 ว113ค ฉ.3 
  Barcode: 20014
ห้องสมุดวิทยาเขตสวรรค์ประชารักษ์
►วิจัย
บนชั้น
4. งานวิจัย
งานวิจัย
วจ.WY18.2 ว113ค ฉ.4 
  Barcode: 20015
ห้องสมุดวิทยาเขตสวรรค์ประชารักษ์
►วิจัย
บนชั้น
5. งานวิจัย
งานวิจัย
วจ.WY18.2 ว113ค ฉ.5 
  Barcode: 20016
ห้องสมุดวิทยาเขตสวรรค์ประชารักษ์
►วิจัย
บนชั้น
6. งานวิจัย
งานวิจัย
วจ.WY18.2 ว113ค ฉ.6 
  Barcode: 20017
ห้องสมุดวิทยาเขตสวรรค์ประชารักษ์
►วิจัย
บนชั้น

รายการใกล้เคียง
    ผู้แต่ง [วงเดือน สุวรรณคีรี]

BibComment


ยังไม่เคยถูกคอมเมนท์

คอมเมนท์ทรัพยากรรายการนี้
  คอมเมนท์: คุณภาพการจัดการศึ..


 Copyright 2026. Bcnsprnw @Library